|
|
|
|
| LEADER |
00814nam a2200277 a 4500 |
| 001 |
000013042 |
| 003 |
CZ BrMZK |
| 005 |
20220207140410.0 |
| 007 |
ta |
| 008 |
931104s1993 xr f cze d |
| 015 |
|
|
|a cnb000078703
|
| 020 |
|
|
|a 80-7170-026-6
|c 41.90
|
| 040 |
|
|
|a BOA001
|b cze
|
| 080 |
|
|
|a 82-312.5=850
|2 MRF
|
| 100 |
1 |
|
|a Larson, Shirley
|
| 245 |
1 |
0 |
|a V krajině srdce /
|c Shirley Larsonová ; Překl.: Michal Vrbovec
|
| 260 |
|
|
|a Praha :
|b Harlequin,
|c 1993
|
| 300 |
|
|
|a 188 s.
|
| 490 |
1 |
|
|a Temptation ;
|v 23 (T 10/93)
|
| 700 |
1 |
|
|a Vrbovec, Michal
|7 jx20040720100
|
| 765 |
0 |
|
|t Where the Heart Is
|
| 830 |
|
0 |
|a Temptation
|
| 910 |
|
|
|a BOA001
|b 1-0994.528
|
| 962 |
|
|
|a 82-31
|
| 990 |
|
|
|a BK
|
| 996 |
6 |
|
|b 2610003827
|c 1-0994.528
|l MZK
|r Sklad / do 1 hodiny
|n 5
|p p.v.
|w 000013042
|u 000010
|a 1
|e BOA001
|j MZK50
|s P
|